CONCACAF Members - Only Flags will Appear - Statistics

General Stats
  • This quiz has been taken 476 times
  • The average score is 33 of 41
Answer Stats
CONCACAF Members % Correct
United States
100%
Canada
99%
Mexico
99%
Costa Rica
95%
Belize
92%
Cuba
92%
Dominica
92%
El Salvador
92%
Guatemala
92%
Jamaica
92%
Bahamas
91%
Nicaragua
91%
Honduras
90%
Trinidad and Tobago
90%
Haiti
89%
Dominican Republic
88%
Saint Kitts and Nevis
88%
Panama
87%
Saint Lucia
87%
Saint Vincent and the Grenadines
87%
Barbados
86%
Antigua and Barbuda
84%
Grenada
83%
British Virgin Islands
75%
French Guiana
74%
Puerto Rico
74%
Aruba
73%
Curaçao
73%
US Virgin Islands
73%
Guyana
71%
Bermuda
68%
Suriname
68%
Guadeloupe
67%
Martinique
66%
Cayman Islands
64%
Anguilla
63%
Montserrat
61%
Bonaire
59%
Sint Maarten
51%
Turks and Caicos Islands
51%
Saint-Martin
50%
No matching quizzes found
Score Distribution
Percent of People with Each Score
Percentile by Number Answered
Your Score History
You have not taken this quiz